000 00351nam a2200133 i 4500
001 bg
100 1 _aSMOLIŃSKI, Kazimierz
245 0 _aWłasności dynamiczne generatora synchronicznego.. /
_cKazimierz Smoliński.
260 _aZielona Góra,
_c1980.
040 _cBPK
041 _apol
942 _cKS
008 s pl f |000 0 pol
999 _c19296
_d19296
856 _uhttp://koha.tu.koszalin.pl/cgi-bin/koha/opac-detail.pl?biblionumber=19296
_yKatalog online BPK